Catálogo
 En Linea
Vista normal Vista MARC

Entrada Nombre personal

Número de registros utilizados en: 8

001 - NÚMERO DE CONTROL

  • campo de control: 24351

003 - IDENTIFICADOR DEL NÚMERO DE CONTROL

  • campo de control: BNPHU

005 - FECHA Y HORA DE LA ÚLTIMA TRANSACCIÓN

  • campo de control: 20260302114738.0

008 - DATOS DE LONGITUD FIJA

  • campo de control de longitud fija: 200615|| aca||aabn | a|a d

010 ## - NÚMERO DE CONTROL DE LA BIBLIOTECA DEL CONGRESO

  • Número de control de LC: no2002060481

040 ## - FUENTE DE LA CATALOGACIÓN

  • Centro catalogador/agencia de origen: DO-SdBNP
  • Lengua de catalogación: spa
  • Centro/agencia transcriptor: BNPHU
  • Normas de descripción: rda

046 ## - FECHAS CON CODIFICACIÓN ESPECIAL

  • Fecha de nacimiento: 1964-
  • Fuente del esquema de fecha: edtf

100 1# - ENCABEZAMIENTO-NOMBRE DE PERSONA

  • Nombre de persona: Acosta, José,
  • Fechas asociadas al nombre: 1964-

370 ## - LUGAR ASOCIADO

  • Lugar de nacimiento: Santiago de los Caballeros (República Dominicana)
  • Lugar de residencia/sede: Nueva York (N.Y.)

374 ## - OCUPACIÓN

  • Ocupación: Poeta
  • Ocupación: Narrador
  • Ocupación: Agrónomo
  • Ocupación: Comunicador social

375 ## - GÉNERO/SEXO

  • Género/Sexo: Masculino

377 ## - LENGUA/LENGUAJE ASOCIADO

  • Código del idioma: spa

400 1# - TRAZADO DE VÉASE--NOMBRE DE PERSONA

  • Nombre de persona: Acosta, J.

670 ## - FUENTE DE DATOS ENCONTRADOS

  • Cita de la fuente: Work cat.: (OSt)9289: Acosta, José, 1964-, Catequesis del íncubo /, 2001.

670 ## - FUENTE DE DATOS ENCONTRADOS

  • Cita de la fuente: Acosta, José. El efecto dominó, 2001:

670 ## - FUENTE DE DATOS ENCONTRADOS

  • Cita de la fuente: Muchacha negra en un banco del parque

670 ## - FUENTE DE DATOS ENCONTRADOS

  • Identificador Uniforme del Recurso: https://authorities.loc.gov/authority/aa5f46e3-d4d6-4f73-9ebe-31bb6dff12e0?searchFields=name&searchType=begins&searchTerm=acosta+jose&limit=100&sortBy=relevance&headingRef=Acosta%2C+Jose%CC%81%2C+1964- Consultado en 02 de Marzo, 2026

Con tecnología Koha